01145nam a2200265Mi 4500001002700000003000700027005001700034007000700051008004100058040003900099020002700138020001800165035002100183100002100204245007000225250001100295260003100306300001100337856010000348856010100448942000700549506015000556506015400706999001900860thepoliticsofeco00ridgrichCaSfIA20210119102226.0cr||||970815s1971 nyu 000 0 eng d aGyGoGBVerakwbbgercGBVCPdCaSfIA a0525181083z0525081083 a9780525181088 a(OCoLC)2585241731 aRidgeway, James.13aThePolitics of ecology /h[electronic resource] cJames Ridgeway. a6. Pr. aNew York :bDutton,c1971. a222 S.41uhttp://www.archive.org/details/thepoliticsofeco00ridgrichzFree eBook from the Internet Archive42uhttp://www.openlibrary.org/books/OL24221675MzAdditional information and access via Open Library cEB fНеобхідна авторизація на https://archive.org/ (створення облікового запису безкоштовно) fНеобхідна авторизація на https://openlibrary.org/ (створення облікового запису безкоштовно) c556514d556514